00683nac a22001931u 4500010001500000020001700015082002000032090001500052100003400067245006900101250001200170260005700182300003400239504005100273650002100324942002200345999001500367952010700382 a2004061743 a0131797476 :00a658.1511bH8162 c4605d4605 aHorngren, Charles T., 10aCost accounting :ba managerial emphasis /cCharles T. Horngren, a3th ed. aUpper Saddle River, NJ :bPrentice Hall,1972.c1972. a963p. :bcol. ill . ;c29 cm. aIncludes bibliographical references and index. 0aCost accounting. cBBk658.1511H8162 c4605d4605 00104070aMAINbMAINc1STd2011-09-07ePurchasel0o658.1511 HORp000005737r2025-07-15 00:00:00yBB